Les effets civils de la confiscation générale des biens

Guardat en:
Dades bibliogràfiques
Autor principal: Lambert, Marc (Autor)
Format: Llibre
Idioma:francès
Publicat: París Librairie Dalloz 1949
Matèries:
Etiquetes: Afegir etiqueta
Sense etiquetes, Sigues el primer a etiquetar aquest registre!

MARC

LEADER 00000nam a2200000 a 4500
001 UCS1167
003 CL-VaPUC
008 970509e19490000FR |||||||||||||||||fre|d
082 0 4 |a 346.05  |b LAM  |2 21 
100 |a Lambert, Marc  |e author  |9 385351 
245 1 4 |a Les effets civils de la confiscation générale des biens 
300 |a 166 p 
942 |c BK 
945 |d 19970509 00:00:00  |a cmena 
260 |a París  |b Librairie Dalloz  |c 1949 
650 0 |a Bienes  |9 255749 
650 0 |a Derecho sucesorio  |9 255015 
650 0 |a Derecho civil  |9 255013 
650 7 |a RESPONSABILIDAD CIVIL  |2 CL-VaPUC  |9 385352 
650 0 |a Código civil  |9 256135 
650 0 |a Derecho privado  |9 258243 
650 0 |a Derecho francés  |9 385145 
651 0 |a Francia  |9 255157 
583 |a last modification  |c 19970509 00:00:00  |k Rodrigo Vera 
999 |c 259269  |d 259267 
952 |0 0  |1 0  |4 0  |6 346_050000000000000_LAM_1949  |7 0  |8 X  |9 283915  |a BIBDER  |b BIBDER  |d 2019-11-19  |i 1844849  |o 346.05 LAM 1949  |p 1844849  |r 2023-01-25  |w 2019-11-19  |y BK_X  |k DER